Automatizovaná distribúcia a testovanie softvérových balíkov

Uložené v:
Podrobná bibliografia
Hlavný autor: Kalužník, Martin (Autor)
Ďalší autori: Drahoš, Peter (Vedúci práce)
Médium: Rukopis Kniha
Jazyk:Slovak
Vydavateľské údaje: 2016
Predmet:
On-line prístup:http://is.stuba.sk/zp/portal_zp.pl?podrobnosti=106458
Tagy: Pridať tag
Žiadne tagy, Buďte prvý, kto otaguje tento záznam!

MARC

LEADER 00000ntm a22000003a 4500
001 stuzp59139
003 SK-STU
005 20160719155757.0
007 ta
008 150427s2015----xo-----f-mn---000-0-slo-d
040 |a STU  |b slo 
041 0 |a slo 
100 1 |a Kalužník, Martin  |u 070400  |4 aut  |U FIIT Fakulta informatiky a informačných technológií  |T FIIT Ústav počítačového inžinierstva a aplikovanej informatiky  |X 72146  |U I400  |Y 672  |7 72146 
242 0 1 |a Automated distribution and testing of software packages  |y eng 
245 1 0 |a Automatizovaná distribúcia a testovanie softvérových balíkov 
260 |c 2016 
650 4 |a softvérové balíky  |2 slo 
650 4 |a testovanie softvéru  |2 slo 
650 4 |a Git  |2 slo 
650 4 |a CMake  |2 slo 
650 4 |a Lua  |2 slo 
650 4 |a software testing  |2 eng 
650 4 |a Git  |2 eng 
650 4 |a CMake  |2 eng 
650 4 |a Lua  |2 eng 
650 4 |a software packages  |2 eng 
700 1 |a Drahoš, Peter  |u 070400  |k Z1  |4 ths  |U FIIT Fakulta informatiky a informačných technológií  |T FIIT Ústav počítačového inžinierstva a aplikovanej informatiky  |X 10312  |U I400  |Y 672  |7 A00010312 
856 4 |u http://is.stuba.sk/zp/portal_zp.pl?podrobnosti=106458 
996 |b 284ID00185  |c I*BAP 38/2016  |l II680  |s P  |a 0  |w stuzp59139_0001 
SQL |a stuzp59139  |b DBP  |c SLO  |d Automatizovaná distribúcia a testovanie softvérových balíkov  |e 72146  |f Kalužník, Martin  |g 070400  |h 10312  |i Drahoš, Peter  |j 20160620  |k 202  |l 07  |m http://is.stuba.sk/zp/portal_zp.pl?podrobnosti=106458  |n B-INFO  |o 9.2.1. informatika